Mastering Windows NT server 4

Αποθηκεύτηκε σε:
Λεπτομέρειες βιβλιογραφικής εγγραφής
Κύριος συγγραφέας: Minasi, Mark
Μορφή: Βιβλίο
Γλώσσα:English
Δημοσίευση: San Francisco : Sybex Network Press, c1999
Έκδοση:6th ed.
Θέματα:
Ετικέτες: Προσθήκη ετικέτας
Δεν υπάρχουν, Καταχωρήστε ετικέτα πρώτοι!

MARC

LEADER 00000nam a2200000 i 4500
001 1/95974
008 000117s1999 eng d
020 |a 0782121632 
035 |l 10055543 
040 |a GR-MY-UA  |b gre  |e aacr 
041 0 |a eng 
082 0 |a 005.44769 
100 1 |a Minasi, Mark. 
245 1 0 |a Mastering Windows NT server 4 /  |c Mark Minasi 
250 |a 6th ed. 
260 |a San Francisco :   |b Sybex Network Press,   |c c1999 
300 |a xlix, 1611 p.;  |b ill.;  |c 24 cm.+  |e 1 computer laser optical disc (4 3/4 in.) 
504 |a Includes index 
650 0 0 |a Operating systems (Computers) 
852 |a INST  |b SAMOS  |e 20000117  |h 005.44769 MIN  |p 005300016404  |q 005300016404  |t BK  |y 0 
852 |a INST  |b SAMOS  |e 20000117  |h 005.44769 MIN   |p 005300016164  |q 005300016164  |t BK  |y 0 
901 |a BIBL3-2000-1 
909 |a Σ  |b 070563 
909 |a Σ  |b 070564 
922 |a 3ΕΛΗ  |b 199911  |c ΤΠΕΣ  |d ΠΑΠΑΣΩΤΗΡΙΟΥ 
950 |a 133-1999-07-20 
970 |a ΠΟΥΡΝΑΡΑΣ  |b ΔΗΜΗΤΡΗΣ  |z 2000/01/17